000 00546nam a2200193Ia 4500
005 20250423095731.0
008 250422s9999 xx 000 0 und d
020 _a9780534379766
050 _aQB 62.7 .F47/
100 _aFerguson, Dale C.
245 0 _aInstructor’s manual for ferguson’s introductory astronomy exercises
250 _a2nd ed.
260 _aUnited States
260 _bBrooks/Cole
260 _c2001
300 _a54 p
650 _aAstronomy--Laboratory manuals. Astronomy--Problems, exercises, etc.
942 _cBK
999 _c31171
_d31171